00777nam a2200193 a 450000100100000000500170001000800410002702000180006804000250008624501470011126000280025830000210028649000290030750400730033670000370040971000540044671000540050083000290055400004324920250909091242.0140303s2011 sp 000 0 spa d a9788483471449 aDO-SdBNPbspacBNPHU00aCómo evaluar intervenciones de cultura y desarrollo II :buna propuesta de sistemas de indicadores /ccoordinador: Salvador Carrasco Arroyo. aMadrid :bAECID,c2011. a325 p. ;c23 cm.1 aCultura y Desarrollov13 aIncluye referencias bibliográficas y notas al pie de las páginas1 aCarrasco Arroyo, Salvadorecoor.2 aAgencia Española de Cooperación Internacional2 aAgencia Española de Cooperación Internacional 0aCultura y Desarrollov13